000 00415nam a2200181Ia 4500
001 14351
005 20260306164908.0
008 260306t1993||||xx |||||||||||||| ||spa||
041 _aESP
082 _a512.5
_bCH536
100 _aChávez Vega, Carlos
_eAUT
245 0 _aÁlgebra lineal
260 _c1993
300 _a285 páginas :
_c20 cm.
650 _aGEN
654 _aCMA
942 _cLIB
_dJUS
_fJUS
_2ddc
_n
999 _c14351
_d14351